Регионална библиотека "Любен Каравелов" - Русе

Пилчар (Запис номер 139797)

MARC детайли
000 -Лидер
Контролно поле с фиксирана дължина 01410nam a2200325 c 4500
003 - Код на организацията, давaща контролен номер
Контролно поле BLK
005 - Дата и час на последна редакция
Контролно поле 20180422112231.0
008 - Елементи от данни с фиксирана дължина
fixed length control field 180409b bul|||||r ||||||| ||bul||
010 ## - Наследен системен номер
LC control number KNG00145847000
040 ## - Източник на каталожния запис
Идентификатор на билиотеката - собственик на записа BLK
041 ## - Код за език
Код за езика на текст/звукозапис или на отделно заглавие Български
Код за езика КДБФ Български
080 ## - УДК
Текстов определител УДК Българска литература
УДК код - определител по УДК 821.163.2
УДК определител -93-32
УДК - код + определител 821.163.2-93-32
100 1# - Редна дума - Автор
Автор Григоров, Крум
Авторска отговорност първи автор
Автор - информация (биография) Захариев, Крум Григоров
R(LIN) 377033
139 ## - Редно поле
Редна дума Григоров, Крум
Авторски знак Григ - Г 82
245 10 - Сведения за заглавието
Заглавие Пилчар
Подзаглавни данни Разказ
Редно поле (дума) Крум Григоров; худож. Борислав Стоев; * Крум Григоров Захариев.
257 ## - Страна на издаване
Страна на създаване/издаване България
260 ## - Област на издателските данни
-- София
Име на издателя, разпространителя и проч. Бълг. художник
Година на издаване 1961
Печатница София : ПК Д. Благоев
300 ## - Физическа характеристика
Страници 13 с.
Илюстрации и др. с ил.
Размери/Мащаб 22Х32 см
380 ## - Жанр
Жанр Детска худож. лит.
500 ## - Общи забележки
Забележка Пълното име на авт. е Крум Григоров Захариев. - 60 100 тир.
653 ## - Ключова дума – ненормативна
Ключова дума литература за деца
653 ## - Ключова дума – ненормативна
Ключова дума детска литература
700 1# - Други автори (авторска отговорност)
Лично име Стоев, Борислав
Автороска отговорност (Описва отношението между автора и произведението) худож.
9 (RLIN) 372214
700 1# - Други автори (авторска отговорност)
Лично име Захариев, Крум Григоров
Автороска отговорност (Описва отношението между автора и произведението) *
9 (RLIN) 276532
852 ## - Местоположение
Форматна сигнатура Цб 260804
856 4# - Електронен адрес и достъп
Електронен формат pdf - файл
Път до файла /url/
856 4# - Електронен адрес и достъп
Електронен формат pdf - файл
Път до файла /url/
942 ## - АРТИКУЛИ
Вид на библиотечния материал Книги
Скрит в OPAC Не
944 ## - СЪЗДАВАНЕ И РЕДАКЦИЯ на ЗАПИСА
Създаване/Редакция Създаване
Дата на регистрацията/редакция 15.07.2013
Статус, дата на статуса 15.07.2013 - от С1,Р / 15.07.2013
Служител, извършил регистрацията/редакцията Полина_Златанова
944 ## - СЪЗДАВАНЕ И РЕДАКЦИЯ на ЗАПИСА
Създаване/Редакция Редакция
Дата на регистрацията/редакция 15.07.2013
Статус, дата на статуса 15.07.2013 - от С1,Р / 15.07.2013
Служител, извършил регистрацията/редакцията
999 ## - СИСТЕМНИ КОНТРОЛНИ НОМЕРА
Koha biblionumber 139797
Koha biblioitemnumber 139797
Наличности
Код за отписване Код за изгубен артикул Източник на класификационната схема Код за повреда Коз за рестрикции Код за отдаване Артикулен № Име на библиотеката - собственик Име на библиотеката, в която се намира в момента Статус (Текущо местоположение) Дата на вписване в системата Местоположение - отдел Цена в лева Инвентарен номер Систематично азбучна сигнатура Баркод Номер на екземпляра Цена в евро Служебна бележка Служебен тип на артикула
  Не е изгубен Universal Decimal Classification Не е повреден без рестрикции ползва се в читалня 228995 Регионална библиотека "Любен Каравелов" Русе Регионална библиотека "Любен Каравелов" Русе Хранилище 1961-01-01 Хранилище 0.20 4547/61 Цб 260804 900000103921 1 0.10 N: стар фонд Дата: 01.01.1961 Книги
Vip Innovations Ltd, Rousse, Bulgaria 2025